|
|
|
|
| LEADER |
01634nam a2200361Ia 4500 |
| 001 |
EBC1605970 |
| 003 |
MiAaPQ |
| 005 |
20200520144314.0 |
| 006 |
m o d | |
| 007 |
cr cn||||||||| |
| 008 |
100305s2009 dcu s i000 0 eng d |
| 035 |
|
|
|a (MiAaPQ)EBC1605970
|
| 035 |
|
|
|a (Au-PeEL)EBL1605970
|
| 035 |
|
|
|a (CaPaEBR)ebr10368894
|
| 035 |
|
|
|a (OCoLC)870244778
|
| 040 |
|
|
|a MiAaPQ
|c MiAaPQ
|d MiAaPQ
|
| 050 |
|
4 |
|a HG3881.5.I58
|b G653 2009
|
| 100 |
1 |
|
|a Gola, Carlo.
|
| 245 |
1 |
0 |
|a Financial sector surveillance and the IMF
|h [electronic resource] /
|c prepared by Carlo Gola and Francesco Spadafora.
|
| 246 |
3 |
|
|a Financial sector surveillance and the International Monetary Fund
|
| 260 |
|
|
|a [Washington, D.C.] :
|b International Monetary Fund, Office of the Executive Director for Albania, Greece, Italy, Malta, Portugal, San Marino, and Timor Leste,
|c 2009.
|
| 300 |
|
|
|a 74 p.
|
| 490 |
1 |
|
|a IMF working paper ;
|v WP/09/247
|
| 500 |
|
|
|a "November 2009."
|
| 533 |
|
|
|a Electronic reproduction. Ann Arbor, MI : ProQuest, 2015. Available via World Wide Web. Access may be limited to ProQuest affiliated libraries.
|
| 610 |
2 |
0 |
|a International Monetary Fund
|x Evaluation.
|
| 650 |
|
0 |
|a Economic policy
|x Evaluation.
|
| 655 |
|
4 |
|a Electronic books.
|
| 700 |
1 |
|
|a Spadafora, Francesco,
|d 1966-
|
| 710 |
2 |
|
|a International Monetary Fund.
|b Office of the Executive Director for Albania, Greece, Italy, Malta, Portugal, San Marino, and Timor-Leste.
|
| 710 |
2 |
|
|a ProQuest (Firm)
|
| 830 |
|
0 |
|a IMF working paper ;
|v WP/09/247.
|
| 856 |
4 |
0 |
|u https://ebookcentral.proquest.com/lib/matrademy/detail.action?docID=1605970
|z Click to View
|